Листы каменной книги: повесть; для среднего и старшего школьного возраста

Detaylı Bibliyografya
Yazar: Линевский А. М. Александр Михайлович
Diğer Yazarlar: Луганский П. И. (иллюстратор)
Dil:Rusça
Baskı/Yayın Bilgisi: Петрозаводск, Карелия, 1990
Konular:
Materyal Türü: Kitap
KOHA link:https://koha.lib.tpu.ru/cgi-bin/koha/opac-detail.pl?biblionumber=154996

MARC

LEADER 00000nam0a2200000 4500
001 154996
005 20231031152150.0
010 |a 5754503547 
020 |a RU  |b 90-15049 
035 |a (RuTPU)RU\TPU\book\168110 
090 |a 154996 
100 |a 20090310d1990 de y0rusy5003 ca 
101 0 |a rus 
102 |a RU 
105 |a a z 000ay 
200 1 |a Листы каменной книги  |e повесть   |e для среднего и старшего школьного возраста  |f А. М. Линевский  |g худож. П. И. Луганский 
210 |a Петрозаводск  |c Карелия  |d 1990 
215 |a 223 с.  |c ил.  |d 21 см 
610 1 |a Карелия древняя 
610 1 |a Первобытное общество 
610 1 |a детская литература 
610 1 |a повести 
675 |a Р1  |z rus 
700 1 |a Линевский  |b А. М.  |g Александр Михайлович  |4 070 
702 1 |a Луганский  |b П. И.  |4 440 
801 0 |a RU  |b RuMRKP  |c 19950417  |g psbo 
801 1 |a RU  |b 63413507  |c 20090310  |g PSBO 
801 2 |a RU  |b 63413507  |c 20090310  |g PSBO 
942 |c BK